The Audacity of Hope Thoughts on Reclaiming the American Dream (Record no. 2472)

MARC details
000 -LEADER
fixed length control field 00355nam a22001337a 4500
008 - FIXED-LENGTH DATA ELEMENTS--GENERAL INFORMATION
fixed length control field 250319b |||||||| |||| 00| 0 eng d
020 ## - INTERNATIONAL STANDARD BOOK NUMBER
ISBN 0307237699
100 ## - MAIN ENTRY--AUTHOR
Author Obama Barack
245 ## - TITLE STATEMENT
Title The Audacity of Hope Thoughts on Reclaiming the American Dream
260 ## - PUBLICATION, DISTRIBUTION, ETC. (IMPRINT)
Place of publication New York
Name of publisher Crown
Date of publication 2006
300 ## - COLLATION
Pagination 375p.
942 ## - ADDED ENTRY ELEMENTS (KOHA)
Item type Books
050 ## - LIBRARY OF CONGRESS CALL NUMBER
Classification number E 901.1.023
Item number .O23
Holdings
Source of classification or shelving scheme Not for loan Permanent location Current location Date acquired Accession No. Full call number Barcode. Koha item type
Library of Congress Classification   Samuel Ogbemudia Main Library, University of Abuja Samuel Ogbemudia Main Library, University of Abuja 03/19/2025 2019/52727 E 901.1.023.O23 2025-0741 Books